Músicas da Ana Castela - Statistics

Estatísticas Gerais
  • Esse quiz foi jogado 210 vezes
  • A pontuação média é 8 de 31
Estatísticas das Respostas
Respostas % Correto
Pipoco
78%
Boiadeira
77%
Nosso Quadro
72%
Solteiro Forçado
52%
Dona de Mim
46%
Roça em Mim
36%
Tô Voltando
35%
Neon
33%
Carinha de Bebê
32%
Não Para
32%
Palhaça
31%
As Menina da Pecuária
29%
Bombonzinho
23%
Aqui Tem Alguém
19%
Duas Três
19%
Ia Dar Bom
18%
Chama
16%
Juliet e Chapelão
16%
Alerta de Golpe
15%
Só Não Deixa Saudade
15%
Chicletinho
14%
Eu Minto
13%
Ô Lá na Roça
13%
Hino Agro
11%
Reverse
11%
Nóis É Da Roça Bebê
9%
Não Vai Ver Nunca
8%
Fazendinha Sessions
7%
Sinônimos
7%
Covardia
4%
Eu Sem Você Não Dá
3%
Nenhum quiz correspondente encontrado
Distribuição das Pontuações
Porcentagem de Pessoas com Cada Pontuação
Percentil de Números Respondidos
Sua Pontuação Histórica
Você não jogou esse quiz